Hurry up, Franklin

Bibliographic Details
Main Author: Bourgeois, Paulette
Corporate Author: Title
Format: Book
Published: New York : Scholastic Inc , 2002
Series:A Franklin tv storybook
Subjects:

MARC

LEADER 00000cam a2200000 7i4500
001 0000001659
005 20220105103924.0
008 070706
020 |a 0590426214 
090 0 0 |a JP   |b ENG (2129) 
100 1 |a Bourgeois, Paulette 
245 1 0 |a Hurry up, Franklin   |c Paulette Bourgeois 
260 |a New York :   |b Scholastic Inc ,   |c 2002 
440 2 |a A Franklin tv storybook 
500 |a Children age 4-6 years old (yellow) 
650 0 |a Junior preschool   |x English   |x Languages 
710 0 |a Title 
999 |a 0000895921   |b Book   |c Children Collection   |e Cawangan Segamat 
999 |a 0000895922   |b Book   |c Children Collection   |e Cawangan Tangkak 
999 |a 0000947688   |b Book   |c Children Collection   |e Cawangan Pontian 
999 |a 0000947689   |b Book   |c Children Collection   |e Cawangan Pontian 
999 |a 0000947695   |b Book   |c Teenagers   |e Cawangan Bandar Tenggara 
999 |a 0000962127   |b Book   |c Children Collection   |e Perbadanan Perpustakaan Awam Johor 
999 |a 0000962128   |b Book   |c Children Collection   |e Perbadanan Perpustakaan Awam Johor 
999 |a 0000962129   |b Book   |c Children Collection   |e Perbadanan Perpustakaan Awam Johor 
999 |a 0000962130   |b Book   |c Children Collection   |e Perbadanan Perpustakaan Awam Johor 
999 |a 0000962131   |b Book   |c Children Collection   |e Perbadanan Perpustakaan Awam Johor 
999 |a 0001072386   |b Book   |c Teenagers   |e Cawangan Bandar Tenggara 
999 |a 0001139296   |b Book   |c Children Collection   |e Cawangan Tangkak